LEADER 00922nam a2200253 i 4500 001 991001150039707536 008 110411s2009 it 0 0 ita 020 $a9788842089193 035 $ab13968440-39ule_inst 040 $aBiblioteca Interfacoltà$bita 100 1 $aCastellucci, Paola$0444790 245 10$aDall'ipertesto al web :$bstoria culturale dell'informatica /$cPaola Castellucci 260 $aRoma ;$aBari :$bLaterza,$c2009 300 $aVIII, 226 p. ;$c21 cm. 440 0$aManuali Laterza ;$v274 650 4$aIpertesto$xStoria 650 4$aWorld wide web 650 4$aInformatica$xStoria 907 $a.b13968440$b02-04-14$c11-04-11 912 $a991001150039707536 945 $aLE002 Bibl. Ris. 535$g1$i2002000623539$lle002$op$pE20.00$q-$rn$so $t0$u0$v0$w0$x0$y.i1525303x$z11-04-11 996 $aDall'ipertesto al web$990825 997 $aUNISALENTO 998 $ale002$b11-04-11$cm$da $e-$fita$git $h0$i0 LEADER 02509nas 2200637-a 450 001 996206744403316 005 20240413013341.0 035 $a(CKB)1000000000273896 035 $a(CONSER)---92644503- 035 $a(DE-599)ZDB2723744-8 035 $a(EXLCZ)991000000000273896 100 $a19860617a19859999 -a- - 101 0 $aspa 181 $ctxt$2rdacontent 182 $cc$2rdamedia 183 $acr$2rdacarrier 200 10$aRevista trimestral /$fBanco Central de Reserva de El Salvador 210 $aSan Salvador, El Salvador $cDepartamento de Investigacones Económicas$d[1985]- 215 $a1 online resource 311 08$aPrint version: Revista trimestral (Banco Central de Reserva de El Salvador) 1029-1067 (DLC) 92644503 (OCoLC)13740975 517 1 $aRevista del Banco Central de Reserva de El Salvador 606 $aBanks and banking$zEl Salvador$vStatistics$vPeriodicals 606 $aBanks and banking$2fast$3(OCoLC)fst00826867 606 $aCommerce$2fast$3(OCoLC)fst00869279 606 $aEconomic history$2fast$3(OCoLC)fst00901974 606 $aStatistics$zEl Salvador$2ltcsh 606 $aWirtschaftsstatistik$2stw 606 $aMonetäre Statistik$2stw 606 $aFinanzstatistik$2stw 606 $aEl Salvador$2stw 607 $aEl Salvador$xCommerce$vStatistics$vPeriodicals 607 $aEl Salvador$xEconomic conditions$y20th century$vStatistics$vPeriodicals 607 $aEl Salvador$xCommerce$vStatistics$vPeriodicals 607 $aEl Salvador$xEconomic conditions$y1945-$vStatistics$vPeriodicals 607 $aEl Salvador$2fast 608 $aPeriodicals.$2fast 608 $aStatistics.$2fast 615 0$aBanks and banking 615 7$aBanks and banking. 615 7$aCommerce. 615 7$aEconomic history. 615 7$aStatistics 615 7$aWirtschaftsstatistik. 615 7$aMonetäre Statistik. 615 7$aFinanzstatistik. 615 7$aEl Salvador. 676 $a330.97284 712 02$aBanco Central de Reserva de El Salvador.$bDepartamento de Investigaciones Económicas. 712 02$aBanco Central de Reserva de El Salvador.$bSub-Gerencia de Política Económica. 712 02$aBanco Central de Reserva de El Salvador.$bGerencia de Política Económica. 712 02$aBanco Central de Reserva de El Salvador.$bGerencia de Estudios Económicos. 906 $aJOURNAL 912 $a996206744403316 920 $aexl_impl conversion 996 $aRevista trimestral$92271980 997 $aUNISA